Statystyki dla jedyne państwo na świecie...

Kliknij tutaj aby rozwiązać quiz!

Ogólne statystyki

  • Ten quiz został rozwiązany 153 razy
  • Średni wynik to 8 z 15

Statystyki odpowiedzi

OpisKraj% Poprawnych
Największy kraj na świecieRosja
90%
Krowa jest tam świętaIndie
86%
Kraj którego nazwa nawiązuje do równikaGwinea Równikowa
82%
Europejskie państwo posiadające również terytorium na kontynencie AfrykańskimHiszpania
80%
Kraj który ma stolicę w Ułan BatorzeMongolia
72%
Kraj inaczej nazywa BirmąMjanma
68%
Największy na świecie kraj wyspiarskiIndonezja
62%
Kraj azjatycki w którym toczy się wojna domowaSyria / Jemen
57%
Mały azjatycki kraj posiadający ogromną liczbę ludnościBangladesz
56%
Kraj ze stolicą w AszczabadzieTurkmenistan
40%
Stolicą tego kraju jest BamakoMali
32%
Kraj posiadający kajzerkę na swojej fladzeKirgistan
26%
Kraj ze stolicą w WagaduguBurkina Faso
24%
Kraj który uczestniczył w około 60 wojnach i żadnej nie przegrałIzrael
22%
Na fladze tego kraju znajdują się 3 kolory : 2x niebieski , żółty, oraz czarny , które oznaczająca wodę , wybrzeże i jedność i determinacje luduBahamy
18%

Rozkład punktacji

Percentyl według liczby udzielonych odpowiedzi

Procent ludzi z każdym wynikiem

Twoja historia wyników

Nie rozwiązałeś tego quizu